01013nam a2200181Ia 4500008004100000082001200041100001600053245004600069260003800115300000900153650003700162942001200199999001500211952015700226952014600383952015700529952014500686191201s2019 xx 000 0 und d a547 BOP aBothara,K.G 0aPharmaceutical Organic Chemistry-I Sem.II bNirali PrakashanaNew Delhic2019 a5.16 aPharmaceutical Organic Chemistry 2ddccBK c8343d8343 00102ddc40708DPaPIETbPIETd2019-03-25eKirti Prakashang125.00kIN 3111l2o547 BOPpDP574r2023-12-27 00:00:00s2023-12-18v92.50w2019-03-12yBK 00102ddc40708DPaPIETbPIETd2019-03-25eKirti Prakashang125.00kIN 3111l0o547 BOPpDP575r2019-12-04 00:00:00v92.50w2019-03-12yREF 00102ddc40708DPaPIETbPIETd2019-03-25eKirti Prakashang125.00kIN 3111l5o547 BOPpDP576r2024-01-27 00:00:00s2024-01-12v92.50w2019-03-12yBK 00102ddc40708DPaPIETbPIETd2019-03-25eKirti Prakashang125.00kIN 3111l0o547 BOPpDP577r2019-12-04 00:00:00v92.50w2019-03-12yBK